| 000 | 00926nam a2200277Ia 4500 | ||
|---|---|---|---|
| 001 | Para_2620 | ||
| 003 | CHAP | ||
| 008 | 220125s1917 xx 000 0 und d | ||
| 010 | _a201114 | ||
| 020 | _a(M/BAJA) | ||
| 040 | _cCHAP | ||
| 082 | _aPA-C 595.77 M35 | ||
| 100 |
_aMalloch, John R. _970175 |
||
| 245 |
_aA preliminary classification of diptera, exclusive of pupipora, based upon larval and pupal characters, with keys to imagines in certaín families / _c John R. Malloch |
||
| 260 |
_aUrbana, Illinois : _b Illinois State Laboratory of Natural History |
||
| 300 | _aP. 162-409 + láminas | ||
| 440 |
_aBulletín of the Illinois state Laboratory of Natural History; 12 _9165981 |
||
| 650 |
_aDípteros _933715 |
||
| 901 | _aPA-C 595.77 M35 | ||
| 902 | _aM | ||
| 905 | _a0000001917 URB 0000000000 00 | ||
| 910 | _a1917 | ||
| 942 | _cPARA | ||
| 942 |
_cPARA _d1 |
||
| 999 |
_c201114 _d201114 |
||